000 00653nam a2200217 i 4500
001 C2-0243829
003 PPAK
005 20180727205341.0
008 021112s1983 my a|||| ||||| | may d
040 _aPPAK
_beng
_cPPAK
_erda
082 0 4 _a297.53
_223
090 0 0 _a297.53
_bPER
_dKSA
245 0 0 _aPerutusan Imam Khomeini kepada dunia Islam sempena Hariraya Eidil Adha
264 1 _aKuala Lumpur :
_bJawatankuasa Pembebasan Al-Quds ,
_c1983
300 _a18 pages :
_bcolour illustrations ;
_c18 cm
336 _2rdacontent
_atext
337 _2rdamedia
_aunmediated
338 _2rdacarrier
_avolume
650 1 0 _aPrayer (Islam)
942 _ddc
_cB
999 _c58250
_d58250